| 000 | 00759nam a2200241 i 4500 | ||
|---|---|---|---|
| 001 | bgj | ||
| 100 | 1 | _aBRANDSTETTER, Alois. | |
| 245 | 1 | 0 |
_aProsaauflösung : _bStudien zur Rezeption der höfischen Epik im frühneuhochdeutschen Prosaroman / _cvon Alois Brandstetter. |
| 260 |
_aFrankfurt am Main : _bAthenüm Verlag, _cc. 1971. |
||
| 300 |
_a242 S. ; _c21 cm. |
||
| 504 | _aBibliographie S. 236-242. | ||
| 600 | 1 | 9 | _aEilhart von Obert |
| 600 | 1 | 9 | _aWirnt von Graffenberg |
| 600 | 1 | 9 | _aJohann von Würzburg |
| 650 | 9 |
_aVolksbuch _xSekundärlit |
|
| 650 | 9 |
_aEpos _xSekundärlit |
|
| 650 | 9 | _aFrühneuhochdeutsche | |
| 650 | 9 |
_aMittelalter _xLiteratur |
|
| 040 | _cBPK | ||
| 041 | 0 | _ager | |
| 942 | _cKS | ||
| 008 | s gw f |000 0 ger | ||
| 999 |
_c50404 _d50404 |
||
| 856 |
_uhttp://koha.tu.koszalin.pl/cgi-bin/koha/opac-detail.pl?biblionumber=50404 _yKatalog online BPK |
||